000 03147cam a2200433 i 4500
999 _c130186
_d130186
001 19220072
003 ARRUPE
005 20200123122010.0
008 160808t20162016ctuabc e b 001 0 eng
010 _a 2016950450
020 _a9780300215311
_q(paperback)
020 _a0300215312
_q(paperback)
035 _a(OCoLC)ocn962057279
040 _aAU@
_beng
_cAU@
_erda
_dPSC
_dCLU
_dDAC
_dGSU
_dYDX
_dOCLCF
_dMTG
_dOCL
_dOCLCQ
_dIUL
_dDLC
042 _alccopycat
043 _af-sj---
_af-sd---
050 0 0 _aDT159.6.D27
_bC64 2016
100 1 _aCockett, Richard,
_eauthor.
_949054
245 1 0 _aSudan :
_bthe failure and division of an African state /
_cRichard Cockett.
250 _aSecond edition.
300 _ax, 332 pages :
_billustrations, maps, portraits ;
_c20 cm
500 _aIntroduction to the Second Edition and Chapter Eight copyright ©2016 Richard Cockett.
500 _aCopyright ©2010 [first edition] Richard Cockett.
500 _aFirst edition subtitled: Darfur and the failure of an American state.
504 _aIncludes bibliographical references (pages [320]-322) and index.
505 0 _aThe one-city state -- Populists and civil war, 1956-89 -- The National Islamic Front and Turabi in power, 1989-2000 -- Sudan and the West: slavery, conscience and al-Qaeda -- Darfur: how the killing was allowed to happen -- Darfur: the vortex -- Surviving in the north, failing in the south, 2005-10 -- New nations, old ways.
520 _aOver the past two decades, the situation in Africa's largest country, Sudan, has progressively deteriorated: the country is in second position on the Failed States Index, a war in Darfur has claimed hundreds of thousands of deaths, President Bashir has been indicted by the International Criminal Court, a forthcoming referendum on independence for Southern Sudan threatens to split the country violently apart. In this fascinating and immensely readable book, the Africa editor of the Economist gives an absorbing account of Sudan's descent into failure and what some have called genocide. Drawing on interviews with many of the main players, Richard Cockett explains how and why Sudan has disintegrated, looking in particular at the country's complex relationship with the wider world. He shows how the United States and Britain were initially complicit in Darfur - but also how a broad coalition of human-rights activists, right-wing Christians, and opponents of slavery succeeded in bringing the issues to prominence in the United States and creating an impetus for change at the highest level.
650 0 _aGenocide
_zSudan
_zDarfur.
_949055
650 0 _aSudan
_xForeign relations.
_949056
651 0 _aSudan
_xHistory
_yDarfur Conflict, 2003-
_948463
651 0 _aSudan
_xPolitics and government
_y1985-
_910155
651 0 _aDarfur (Sudan)
_xHistory.
_91472
651 0 _aSudan
_xHistory
_y2011-
_949057
651 0 _aSouth Sudan
_xHistory
_y21st century.
_949058
651 0 _aSouth Sudan
_xPolitics and government
_y2011-
_9435
906 _a7
_bcbc
_ccopycat
_d2
_encip
_f20
_gy-gencatlg
942 _2lcc
_cMONOGRAPH